| 000 | 01049nam a2200229 a 4500 | ||
|---|---|---|---|
| 001 | 000041108 | ||
| 005 | 20201002034627.0 | ||
| 008 | 130918s1988 sp 001 0 spa d | ||
| 040 |
_aDO-SdBNP _bspa _cBNPHU |
||
| 100 | 1 |
_aArnaldi de Villanova _967649 |
|
| 245 | 1 | 0 |
_aOpera medica omnia / _cArnaldi de Villanova ; editit Luke Demaitre et praefatione et commentariis hispanicis et anglicis instruxerunt Pedro Gil-Sotres et Luke Demaitre. |
| 260 |
_aBarcelona : _bConsejo Superior de Investigaciones Científicas _bEdiciones de la Universidad de Barcelona, _c1988. |
||
| 300 |
_a307 p. ; _c25 cm. |
||
| 500 | _aIncluye índice | ||
| 546 | _aTexto en castellano y latín | ||
| 504 | _aBibliografía :p. 264-274 | ||
| 504 | _aIncluye referencias bibliográficas y notas al pie de las páginas | ||
| 505 | 2 |
_av. 4 _tTractatus de consideracionibus operis medicine sive de flebotomia |
|
| 700 | 1 |
_aaDemaitre, Luke, _eed. _967650 |
|
| 700 | 1 |
_aGil-Stores, Pedro, _eed. _967651 |
|
| 710 | 2 |
_aConsejo Superior de Investigaciones Científicas (España) _915178 |
|
| 999 |
_c40598 _d40598 |
||